[Event "ETCC w"]
[Site "Crete GRE"]
[Date "2007.10.28"]
[Round "1"]
[White "Vega Gutierrez,S"]
[Black "Petraki,M"]
[Result "1-0"]
[WhiteElo "2331"]
[BlackElo "2099"]

1.e4 d6 2.d4 Nf6 3.Nc3 e5 4.Nge2 exd4 5.Nxd4 Be7 6.Nde2 O-O 7.g3 c6 8.a4 a5
9.Bg2 Na6 10.O-O Nc5 11.h3 Qc7 12.g4 Re8 13.Ng3 Bf8 14.Kh2 b6 15.f4 Ba6 16.Rg1 Rad8
17.g5 Nfd7 18.Qf3 f6 19.h4 Bc4 20.b3 Bf7 21.Bb2 fxg5 22.hxg5 Ne6 23.Raf1 g6
24.Nd1 d5 25.Ne3 d4 26.Ng4 Bd6 27.Nh6+ Kg7 28.e5 Bc5 29.Qxc6 Qxc6 30.Bxc6 d3
31.Nxf7 Bxg1+ 32.Kxg1 Kxf7 33.cxd3 Ndc5 34.Bxe8+ Kxe8 35.Ne4 Nxd3 36.Bc1 Ke7
37.Be3 Nd4 38.Rd1 Nxb3 39.Bxb6 Rd7 40.Nf6 Rb7 41.Rxd3  1-0

[Event "ETCC w"]
[Site "Crete GRE"]
[Date "2007.10.29"]
[Round "2"]
[White "Zaksaite,S"]
[Black "Srebrnic,A"]
[Result "0-1"]
[WhiteElo "2228"]
[BlackElo "2278"]

1.e4 d6 2.d4 Nf6 3.Nc3 e5 4.dxe5 dxe5 5.Qxd8+ Kxd8 6.Bg5 Be6 7.O-O-O+ Nd7
8.f4 exf4 9.Nf3 Kc8 10.Bxf4 c6 11.Ng5 Bb4 12.Nxe6 fxe6 13.Bc4 e5 14.Bg3 Kc7
15.Be6 Rhf8 16.Ne2 Bd6 17.Bxd7 Nxd7 18.Rhe1 Be7 19.Nd4 Bg5+ 20.Kb1 Rae8 21.Nf3 Bf4
22.Bxf4 Rxf4 23.Rd2 Nc5 24.Rde2 h6 25.Re3 g5 26.b4 Nd7 27.Kb2 b5 28.c4 Nb6
29.Nd2 Rd8 30.Kc3 Rxd2 31.Kxd2 Nxc4+ 32.Kd3 Nxe3 33.Kxe3 Rf6 34.Rc1 Rd6 35.Rc5 Re6
36.h3 Kb6 37.Kd3 a5 38.a3 axb4 39.axb4 Re8 40.Kc3 Kc7 41.Kb3 Kd6 42.Rc2 Rf8
43.Rd2+ Kc7 44.Kc3 Rd8 45.Rf2 Rd4 46.Rf6 Rxe4 47.Rxh6 Re3+ 48.Kd2 Rg3 49.Re6 Rxg2+
50.Kc3 Rg3+ 51.Kc2 Re3 52.Re8 Kd7 53.Rh8 Kd6 54.Rd8+ Ke6 55.Rg8 Rxh3 56.Rxg5 Kd5
57.Rg4 Re3 58.Rg6 Re4 59.Kc3 Rc4+ 60.Kb3 e4 61.Rg8 e3 62.Rd8+ Ke4 63.Re8+ Kd3  0-1

[Event "ETCC w"]
[Site "Crete GRE"]
[Date "2007.10.29"]
[Round "2"]
[White "Skripchenko,A"]
[Black "Vega Gutierrez,S"]
[Result "1-0"]
[WhiteElo "2438"]
[BlackElo "2331"]

1.e4 d6 2.d4 Nf6 3.Nc3 e5 4.f4 exd4 5.Qxd4 Nc6 6.Bb5 Be7 7.Nf3 O-O 8.Qd3 Nb4
9.Qe2 c6 10.Bd3 d5 11.e5 Ne8 12.O-O g6 13.b3 Ng7 14.Bb2 f6 15.Nd1 Bg4 16.Ne3 Bxf3
17.Rxf3 fxe5 18.Bxe5 Qd7 19.Rh3 Nxd3 20.cxd3 Bf6 21.Ng4 Bxe5 22.fxe5 Qe6
23.Re1 Rae8 24.Nh6+ Kh8 25.Rf3 Nf5 26.Qf2 Kg7 27.Nxf5+ Rxf5 28.Rxf5 Qxf5
29.Qxa7 Qxd3 30.Qxb7+ Kh6 31.Qb4 d4 32.e6 Kg7 33.Qb7+ Kh6 34.Qxc6 Qd2 35.Qc1 Qxc1
36.Rxc1 Rxe6 37.Kf2 d3 38.Rd1 Re2+ 39.Kf3 Rxa2 40.Rxd3 Rb2 41.h3 Kg5 42.g4 h5
43.Kg3 hxg4 44.hxg4 Rb1 45.Rd5+ Kh6 46.Rb5 Rg1+ 47.Kf3 Rf1+ 48.Kg2 Rf4 49.Kg3 Rf1
50.b4 Rg1+ 51.Kf3 Rf1+ 52.Ke3 Rb1 53.g5+ Kh5 54.Kd3 Kg4 55.Kc2 Rg1 56.Rc5 Kf4
57.b5 Ke4 58.b6 Rg2+ 59.Kc3 Rg1 60.Kc4 Rb1 61.Rb5 Rc1+ 62.Kb4 Rb1+ 63.Kc5 Rc1+
64.Kd6 Rd1+ 65.Kc6 Rc1+ 66.Rc5 Rb1 67.b7 Kd4 68.Rb5  1-0

[Event "22nd GP Open A"]
[Site "Le Touquet FRA"]
[Date "2007.10.29"]
[Round "3"]
[White "Degraeve,JM"]
[Black "Buscara,S"]
[Result "1-0"]
[WhiteElo "2546"]
[BlackElo "2111"]

1.e4 d6 2.d4 Nf6 3.Nc3 Nbd7 4.g4 h6 5.h3 e5 6.Nge2 c6 7.a4 a5 8.Bg2 Qc7 9.O-O g6
10.Be3 Bg7 11.Qd2 b6 12.f4 Ba6 13.Rf2 O-O-O 14.fxe5 dxe5 15.d5 c5 16.Ng3 Nb8
17.Bf1 h5 18.Bxa6+ Nxa6 19.Bg5 h4 20.Nf1 Qe7 21.Ne3 Nc7 22.Raf1 Nce8 23.Qe2 Kb7
24.Qb5 Rc8 25.Nc4  1-0

[Event "22nd GP Open A"]
[Site "Le Touquet FRA"]
[Date "2007.10.29"]
[Round "4"]
[White "Hervais,A"]
[Black "Wuts,F"]
[Result "0-1"]
[WhiteElo "2076"]
[BlackElo "2277"]

1.e4 d6 2.d4 Nf6 3.Nc3 c6 4.Nf3 Bg4 5.a3 Nbd7 6.Be2 e5 7.Be3 Be7 8.O-O O-O
9.Ng5 Bxe2 10.Qxe2 Nd5 11.exd5 Bxg5 12.dxe5 Bxe3 13.Qxe3 Nxe5 14.dxc6 bxc6
15.Qd4 Qf6 16.Rad1 d5 17.Rfe1 Rfe8 18.Re2 a6 19.b3 Re6 20.Kf1 Rae8 21.Na4 Qf5
22.Nc3 Ng4 23.Rxe6 Rxe6 24.Rd3 Nxh2+ 25.Kg1 Ng4 26.Kf1 Qh5 27.Rh3 Nh2+ 28.Kg1 Qxh3  0-1

[Event "2nd MAIG Team Standard"]
[Site "Macau CHN"]
[Date "2007.10.29"]
[Round "4"]
[White "Megaranto,S"]
[Black "Al Sayed,Mohamad"]
[Result "1/2-1/2"]
[WhiteElo "2569"]
[BlackElo "2480"]

1.e4 d6 2.d4 Nf6 3.Nc3 e5 4.Nf3 Nbd7 5.g3 g6 6.Bg2 Bg7 7.O-O O-O 8.h3 c6
9.a4 Qc7 10.Re1 b6 11.b3 exd4 12.Nxd4 Bb7 13.a5 Rad8 14.axb6 axb6 15.Bf4 Ne5
16.Qd2 Rfe8 17.Bh6 Bh8 18.Nde2 b5 19.Nf4 b4 20.Na4 c5 21.c3 c4 22.cxb4 cxb3
23.Rac1 Qd7 24.Nc3 Nc4 25.Qd3 b2 26.Rb1 Rc8 27.g4 Qc7 28.Nfe2 Qb6 29.b5 Qa5
30.Red1 Nd7 31.Bf4 Qb4 32.Bxd6 Nc5 33.Bxc5 Qxc5 34.Qd7 Bxc3 35.Nxc3 Na3 36.Na4 Qc2
37.Rxb2 Qxa4 38.Ra1 Bxe4 39.Re2 Rcd8 40.Rxe4 Qxe4 41.Bxe4 Rxd7 42.Bc6 Nxb5
43.Bxd7 Re5 44.Bxb5 Rxb5  1/2-1/2

[Event "7th Rohde Open"]
[Site "Sautron FRA"]
[Date "2007.10.29"]
[Round "4"]
[White "Edouard,R"]
[Black "Koziak,V"]
[Result "1/2-1/2"]
[WhiteElo "2472"]
[BlackElo "2437"]

1.e4 d6 2.d4 Nf6 3.Nc3 e5 4.Nf3 Nbd7 5.Bc4 Be7 6.O-O O-O 7.Re1 c6 8.a4 a5
9.h3 Re8 10.Be3 Bf8 11.Ng5 Re7 12.f4 exf4 13.Nxf7 Rxf7 14.Bxf7+ Kxf7 15.Bxf4 Kg8
16.e5 Ne8 17.e6 Ndf6 18.d5 Be7 19.Qf3 cxd5 20.Nxd5 Nxd5 21.Qxd5 Qb6+ 22.Kh1 Qc5
23.Qf3 Nf6 24.Rad1 Ra6 25.Rd3 Rc6 26.Rc3 Qd5 27.Rxc6 Qxc6 28.Qxc6 bxc6 29.Bd2 d5
30.Bxa5 Ne4 31.Bb6 Bf6 32.a5 Kf8 33.c4 Bxb2 34.cxd5 cxd5 35.Rd1 Bb7 36.Rb1 Be5
37.Bd4 Bxd4 38.Rxb7 Ng3+ 39.Kh2  1/2-1/2

[Event "ETCC w"]
[Site "Crete GRE"]
[Date "2007.10.30"]
[Round "3"]
[White "Ushenina,A"]
[Black "Borsuk,A"]
[Result "1-0"]
[WhiteElo "2486"]
[BlackElo "2298"]

1.d4 d6 2.e4 Nf6 3.Nc3 e5 4.Nge2 Nbd7 5.f3 Be7 6.Be3 c6 7.Ng3 Nf8 8.Qd2 h5
9.O-O-O h4 10.dxe5 dxe5 11.Qe1 Qc7 12.Nf5 Bxf5 13.exf5 N8d7 14.Bf2 Bb4 15.a3 Ba5
16.Bc4 O-O 17.g4 e4 18.g5 Nd5 19.Bxd5 cxd5 20.fxe4 dxe4 21.Qxe4 Bxc3 22.bxc3 Rfe8
23.Qxh4 Qxc3 24.Bd4 Qc6 25.g6 fxg6 26.fxg6 Nf8 27.Rhf1 Nxg6  1-0

[Event "2nd MAIG Team Standard"]
[Site "Macau CHN"]
[Date "2007.10.30"]
[Round "5"]
[White "Ganguly,S"]
[Black "Al Sayed,Mohamad"]
[Result "1-0"]
[WhiteElo "2585"]
[BlackElo "2480"]

1.e4 d6 2.d4 Nf6 3.Nc3 e5 4.dxe5 dxe5 5.Qxd8+ Kxd8 6.Bc4 Be6 7.Bxe6 fxe6
8.f3 Bc5 9.Nge2 a6 10.Na4 Ba7 11.b3 Nc6 12.Nb2 Nb4 13.Kd1 Ke7 14.Bd2 Rhd8
15.Kc1 Bc5 16.a3 Nc6 17.Nd3 Bd6 18.Kb2 Kf7 19.Rad1 h6 20.Ng3 b5 21.Be3 Nd7
22.Rd2 a5 23.Ne2 Rab8 24.Ra1 Ne7 25.Nc3 a4 26.b4 Nc8 27.Ka2 Ndb6 28.Nb2 Nd7
29.Ne2 Ke7 30.c4 c5 31.Rad1 cxb4 32.c5 b3+ 33.Kb1 Nxc5 34.Rxd6 Nxd6 35.Bxc5 Ra8
36.f4 Rac8 37.Bb4 Rc2 38.fxe5 Rxe2 39.exd6+ Kf6 40.Nd3 Rxe4 41.Nc5 Rc4 42.d7 Rxb4
43.axb4 Ke7 44.Kb2 e5 45.Rd5  1-0

[Event "ETCC w"]
[Site "Crete GRE"]
[Date "2007.10.31"]
[Round "4"]
[White "Ciuksyte,D"]
[Black "Borsuk,A"]
[Result "1/2-1/2"]
[WhiteElo "2411"]
[BlackElo "2298"]

1.e4 d6 2.d4 Nf6 3.Nc3 e5 4.Nf3 Nbd7 5.Bc4 Be7 6.O-O O-O 7.Re1 c6 8.a4 b6
9.Re2 a6 10.h3 Rb8 11.d5 b5 12.dxc6 bxc4 13.cxd7 Bxd7 14.Bg5 Rxb2 15.Bxf6 Bxf6
16.Qxd6 Rb6 17.Qc5 Rc6 18.Qe3 Be6 19.Rb1 Qa5 20.Rb7 Bd8 21.Qd2 Qc5 22.Nd5 f6
23.Nh4 Bc8 24.Rb8 Rd6 25.Qe3 Qxe3 26.Rxe3 Be6 27.Rc3 f5 28.Rxd8 Rfxd8 29.Nxf5 Bxf5
30.Ne7+ Kf7 31.Nxf5 Rc6 32.Rf3 Rf6 33.Rc3 Rd1+ 34.Kh2 g6 35.Nh6+ Kg7 36.Ng4 Rc6
37.Nxe5 Rc5 38.Nf3 Ra1 39.Nd4 Kf6 40.f4 Rxa4 41.g4 Ra1 42.e5+ Ke7 43.f5 Re1
44.Nf3 Re2+ 45.Kg3 gxf5 46.gxf5 Re4 47.Ra3 a5 48.Ra1 c3 49.f6+ Ke8 50.Rb1 Rexe5
51.Nxe5 Rxe5  1/2-1/2

[Event "ETCC"]
[Site "Crete GRE"]
[Date "2007.10.31"]
[Round "4"]
[White "Aristotelous,V"]
[Black "Dutreeuw,M"]
[Result "0-1"]
[WhiteElo "1960"]
[BlackElo "2391"]

1.e4 d6 2.d4 Nf6 3.Nc3 e5 4.dxe5 dxe5 5.Qxd8+ Kxd8 6.Bc4 Ke8 7.Nf3 Bd6 8.Bg5 Nbd7
9.O-O-O a6 10.a3 b5 11.Bb3 Bb7 12.Bxf6 Nxf6 13.Ng5 Rf8 14.f3 h6 15.Nh3 Bc5
16.Rhe1 c6 17.a4 Ke7 18.Re2 Nd7 19.Nf2 Bd4 20.Nd3 Rfd8 21.f4 exf4 22.Nxf4 Bxc3
23.bxc3 bxa4 24.Bxa4 Nc5 25.Bb3 Rxd1+ 26.Kxd1 Bc8 27.h3 Be6 28.Nxe6 fxe6
29.Kc1 e5 30.Kb2 h5 31.Ka3 a5 32.Bc4 h4 33.Ba2 Rf8 34.Bc4 Rf6 35.Bd3 Rg6
36.Kb2 Rg3 37.Bc4 Na4+ 38.Ka1 Rxc3 39.Bb3 Nc5 40.Kb2 Rg3 41.c3 Nd3+ 42.Kb1 Nf4
43.Ra2 Rxc3 44.Bd1 Nd3 45.Rd2 c5 46.Ka2 c4 47.Ba4 Kd6 48.Be8 Kc5  0-1

[Event "22nd GP Open A"]
[Site "Le Touquet FRA"]
[Date "2007.10.31"]
[Round "6"]
[White "Jactel,N"]
[Black "Wuts,F"]
[Result "1-0"]
[WhiteElo "2126"]
[BlackElo "2277"]

1.e4 d6 2.d4 Nf6 3.Nc3 c6 4.f4 Qa5 5.Bd3 e5 6.Nf3 Bg4 7.Be3 Nbd7 8.O-O Be7
9.h3 Bxf3 10.Qxf3 O-O 11.Ne2 b5 12.Ng3 g6 13.c3 Ne8 14.fxe5 dxe5 15.Bh6 Ng7
16.Bc2 Bf6 17.Rad1 Qc7 18.Bb3 Rad8 19.d5 c5 20.d6 Qb6 21.Bd5 Kh8 22.Qg4 Qxd6
23.Bxf7 Qe7 24.Bd5 Nb6 25.Kh2 Rd6 26.Rf3 Qd7 27.Rdf1 Qxg4 28.hxg4 Nd7 29.g5 Be7
30.Bxg7+ Kxg7 31.Rf7+  1-0

[Event "22nd GP Open A"]
[Site "Le Touquet FRA"]
[Date "2007.10.31"]
[Round "7"]
[White "Andrieu,P"]
[Black "Gauge,V"]
[Result "1-0"]
[WhiteElo "2048"]
[BlackElo "1952"]

1.d4 d6 2.e4 Nf6 3.Nc3 Nbd7 4.Nf3 e5 5.dxe5 dxe5 6.Bd3 c6 7.O-O Be7 8.b3 O-O
9.Bb2 Qc7 10.Qe2 Re8 11.Nd1 Bf8 12.Ne3 b6 13.Nc4 b5 14.Ne3 Bb7 15.c4 b4 16.Nf5 a5
17.Bc2 Nb6 18.Qe3 Nbd7 19.Rad1 Nc5 20.Nxg7 Bxg7 21.Qxc5 Nd7 22.Qe3 Ra6 23.Qg5 f6
24.Qg4 Nf8 25.Rd2 Bc8 26.Qh5 Qe7 27.Rfd1 Ng6 28.g3 c5 29.Nh4 Nxh4 30.Qxh4 Qf8
31.Qh5 Rae6 32.Qe2 Bh6 33.Rd5 Rc6 34.Qd3 Rc7 35.Bc1 Bxc1 36.Rxc1 Bb7 37.Rd6 Bxe4
38.Qd2 Bb7 39.Rd1 Bf3 40.Re1 Rce7 41.Be4 Bxe4 42.Rxe4 Rc7 43.Rh4 Kh8 44.Re4 Ra7
45.Re1 Rea8 46.Qd3 a4 47.Rd1 axb3 48.axb3 Ra1  1-0

[Event "ETCC"]
[Site "Crete GRE"]
[Date "2007.11.01"]
[Round "5"]
[White "Gulbas,C"]
[Black "Gagunashvili,M"]
[Result "0-1"]
[WhiteElo "2365"]
[BlackElo "2584"]

1.e4 d6 2.d4 Nf6 3.Nc3 e5 4.Nf3 Nbd7 5.g4 Nxg4 6.Rg1 exd4 7.Qxd4 Nde5 8.Nxe5 dxe5
9.Qxd8+ Kxd8 10.h3 Nf6 11.f4 Nd7 12.Be3 c6 13.O-O-O Ke8 14.h4 exf4 15.Bxf4 Nc5
16.Be3 Rg8 17.Rg5 Ne6 18.Rh5 h6 19.Ra5 Be7 20.Bf2 Bd8 21.Rf5 Bb6 22.Bc4 Bxf2
23.Rxf2 b5 24.Bb3 Ke7 25.e5 Rf8 26.Ne4 a5 27.a3 a4 28.Ba2 Nd8 29.Nc5 Ra7
30.Rg1 g6 31.Rf6 h5 32.c3 Bf5 33.Bb1 Ne6 34.Bxf5 Nxc5 35.Bc2 Rc7 36.Rf2 Rfc8
37.Rgf1 Ke8 38.e6 Nxe6 39.Re1 Re7 40.Rfe2 Kd7  0-1

[Event "ETCC w"]
[Site "Crete GRE"]
[Date "2007.11.01"]
[Round "5"]
[White "Milliet,S"]
[Black "Michna,Mart"]
[Result "1/2-1/2"]
[WhiteElo "2395"]
[BlackElo "2375"]

1.e4 d6 2.d4 Nf6 3.Nc3 c6 4.Nf3 Bg4 5.h3 Bh5 6.Qe2 e6 7.g4 Bg6 8.h4 h5 9.g5 Nfd7
10.Bf4 Be7 11.O-O-O Na6 12.d5 cxd5 13.exd5 e5 14.Bxe5 Nxe5 15.Nxe5 dxe5 16.d6 Bxd6
17.Qb5+ Kf8 18.Qxb7 Nc7 19.Qc6 Ke7 20.Bh3 Rb8 21.Rhe1 Rb6 22.Rxe5+ Bxe5 23.Rd7+ Qxd7
24.Qxd7+ Kf8 25.Nd5 Kg8 26.Nxb6 axb6 27.Bf5 Bxf5 28.Qxf5 Bd6 29.Qc8+ Kh7
30.Qf5+ Kg8 31.Qc8+ Kh7 32.Qf5+  1/2-1/2

[Event "ETCC w"]
[Site "Crete GRE"]
[Date "2007.11.01"]
[Round "5"]
[White "Gara,A"]
[Black "Srebrnic,A"]
[Result "1/2-1/2"]
[WhiteElo "2315"]
[BlackElo "2278"]

1.e4 d6 2.d4 Nf6 3.Nc3 e5 4.dxe5 dxe5 5.Qxd8+ Kxd8 6.Bg5 Be6 7.O-O-O+ Nd7
8.f4 exf4 9.Nf3 Kc8 10.Bxf4 c6 11.a3 Ng4 12.Rd2 Bc5 13.Nd4 Bxd4 14.Rxd4 Nge5
15.Rd6 Ng6 16.Bg3 Kd8 17.h4 Ke7 18.Be2 Nge5 19.Rhd1 f6 20.Bf2 Rhd8 21.Na4 Nf7
22.R6d2 b6 23.b4 Nde5 24.Nb2 Rxd2 25.Rxd2 Nd6 26.Bd3 Ndc4 27.Bxc4 Nxc4 28.Nxc4 Bxc4
29.a4 Rd8 30.a5 Rxd2 31.Kxd2 bxa5 32.bxa5 a6 33.Kc3 Bf1 34.g3 Kd6  1/2-1/2

[Event "ETCC w"]
[Site "Crete GRE"]
[Date "2007.11.01"]
[Round "5"]
[White "Seps,M"]
[Black "Klinova,M"]
[Result "1/2-1/2"]
[WhiteElo "2290"]
[BlackElo "2326"]

1.e4 d6 2.d4 Nf6 3.Nc3 e5 4.Nge2 Nc6 5.h3 Be7 6.Be3 O-O 7.d5 Nb8 8.g4 c6
9.Ng3 cxd5 10.exd5 Na6 11.Qd2 Bd7 12.Bd3 Nb4 13.Bf5 a5 14.O-O-O Rc8 15.Kb1 b5
16.g5 Ne8 17.Qe2 Bxf5 18.Nxf5 Nxc2 19.Qxc2 b4 20.Bb6 Qd7 21.Nxe7+ Qxe7 22.Qf5 Rxc3
23.bxc3 Qb7 24.Bd8 bxc3+ 25.Kc2 Qb2+ 26.Kd3 g6 27.Qc8 Ng7 28.Qxc3 Qxa2 29.Qxa5 Qxf2
30.Qb6 Qf3+ 31.Kc4 Nf5 32.Kb5 Nd4+ 33.Kc4 Qe2+ 34.Rd3 Qa2+ 35.Kb4 Qb2+ 36.Ka5 Qa2+
37.Kb4 Qb2+ 38.Ka5 Qa2+  1/2-1/2

[Event "IV Festival"]
[Site "Figueira da Foz POR"]
[Date "2007.11.01"]
[Round "5"]
[White "Rusev,K"]
[Black "Paunovic,D"]
[Result "1/2-1/2"]
[WhiteElo "2479"]
[BlackElo "2535"]

1.d4 d6 2.e4 Nf6 3.Nc3 e5 4.dxe5 dxe5 5.Qxd8+ Kxd8 6.Bc4 Ke8 7.f3 a6 8.Be3 Bd6
9.Nge2 Nbd7 10.Nc1 b5 11.Be2 Bb7 12.a3 Ke7 13.Nb3 Rac8 14.a4 c6 15.O-O Rhd8
16.Nb1 Bc7 17.c4 bxc4 18.Bxc4 Ra8 19.a5 Rdb8 20.Nc3 Bc8 21.Na4 Ne8 22.Ra3 Nd6
23.Be2 Nb5 24.Ra2 Nc3 25.bxc3 Rxb3 26.Bf2 Rab8 27.Nc5 Bd6 28.Nxd7 Bxd7 29.Bb6 Be6  1/2-1/2

[Event "13th Venice Autumn"]
[Site "Venice ITA"]
[Date "2007.11.01"]
[Round "1"]
[White "Bonafede,A"]
[Black "Horton Kitchlew,A"]
[Result "1-0"]
[WhiteElo "2279"]
[BlackElo "2097"]

1.e4 d6 2.d4 Nf6 3.Nc3 c6 4.Bg5 Qb6 5.a3 Bg4 6.f3 Bh5 7.h4 h6 8.Be3 Nbd7
9.Nge2 d5 10.e5 Ng8 11.Nf4 Bg6 12.Nxg6 fxg6 13.e6 Ndf6 14.Bd3 O-O-O 15.Qd2 Ne8
16.Na4 Qc7 17.Bf4 Nd6 18.Bxg6 Nf6 19.g4 b6 20.O-O-O Kb7 21.Rhe1 Qc8 22.b3 Nfe8
23.Kb2 Nc7 24.Qe2 Ndb5 25.Nc3 Nd6 26.a4 a6 27.Nb1 b5 28.axb5 axb5 29.Nc3 Qb8
30.Rg1 Na6 31.Bh2 Qc7 32.Ra1 Nb4 33.Ra3 Qb6 34.Rga1 Qxd4 35.Ra7+ Qxa7 36.Rxa7+ Kxa7
37.Na2 Na6 38.c3 Kb7 39.Nc1 b4 40.cxb4 Nxb4 41.Qd2 Na6 42.Bg1 Nc8 43.Nd3 Rd6
44.Qe1 d4 45.Qe4 Rd5 46.Bxd4 Nd6 47.Qe3 h5 48.g5 Nf5 49.Bxf5 Rxf5 50.Qe4 Rd5
51.f4 Rg8 52.Qh7 Rxd4 53.Qxg8 Rxd3 54.Qxf8 Nc5 55.Qxe7+ Kb6 56.Kc2 Rf3 57.Qd8+  1-0

[Event "13th Venice Autumn"]
[Site "Venice ITA"]
[Date "2007.11.01"]
[Round "1"]
[White "Timoshenko,G"]
[Black "Bianchi,An"]
[Result "1-0"]
[WhiteElo "2544"]
[BlackElo "2156"]

1.e4 d6 2.d4 Nf6 3.Nc3 e5 4.Nf3 Nbd7 5.Bc4 Be7 6.O-O O-O 7.Re1 c6 8.a4 b6
9.Ba2 a6 10.h3 Bb7 11.Rb1 b5 12.b4 bxa4 13.Nxa4 c5 14.d5 cxb4 15.Rxb4 Rb8
16.Ba3 a5 17.Rb5 Ba6 18.Rxb8 Qxb8 19.c4 Rc8 20.Qd3 Qc7 21.Rc1 Bf8 22.Qe3 g6
23.Ne1 h5 24.Nd3 Kh7 25.Rc2 Bh6 26.Qf3 Qb8 27.g3 Kg7 28.Kg2 Ne8 29.Qe2 Rc7
30.Qe1 Ra7 31.f4 f6 32.f5 Nf8 33.Nf2 Qc8 34.c5 gxf5 35.Nb6 Qc7 36.exf5 Nd7
37.Na4 dxc5 38.Nxc5 Nxc5 39.Bxc5 Kh7 40.Qd1 Ng7 41.d6 Bb7+ 42.Kh2 Qc6 43.Bd5 Qxd5
44.Qxd5 Bxd5 45.Bxa7 Nxf5 46.d7  1-0

[Event "6th North Am FIDE Inv"]
[Site "Chicago USA"]
[Date "2007.11.02"]
[Round "7"]
[White "Robson,R"]
[Black "Young,A PHI"]
[Result "1-0"]
[WhiteElo "2368"]
[BlackElo "2376"]

1.e4 d6 2.d4 Nf6 3.Nc3 c6 4.f4 Qa5 5.Bd3 e5 6.Nf3 Bg4 7.dxe5 dxe5 8.fxe5 Nfd7
9.e6 fxe6 10.O-O Qh5 11.Be2 Bc5+ 12.Kh1 O-O 13.Ng5  1-0

[Event "13th Venice Autumn"]
[Site "Venice ITA"]
[Date "2007.11.02"]
[Round "2"]
[White "Bosiocic,Mari"]
[Black "Kasparova,T"]
[Result "1-0"]
[WhiteElo "2491"]
[BlackElo "2181"]

1.e4 d6 2.d4 Nf6 3.Nc3 e5 4.Nf3 Nbd7 5.g4 h6 6.g5 hxg5 7.Nxg5 exd4 8.Qxd4 Ne5
9.f4 Nh7 10.Be2 Nxg5 11.fxg5 Be7 12.h4 f6 13.Qg1 fxg5 14.hxg5 Rxh1 15.Qxh1 Be6
16.Bf4 Ng6 17.Bh5 Bf7 18.Bxg6 Bxg6 19.Qg1 Qd7 20.O-O-O Qc6 21.Qd4 Kf7 22.Nd5 Re8
23.Bd2 Bd8 24.Bc3 Bxg5+ 25.Kb1 Bh6 26.Rf1+ Kg8 27.Nf6+ gxf6 28.Qxf6 Kh7 29.Rh1 Qd7
30.Qg5 Bh5 31.Qxh5 Re6 32.Qf5+ Kg8 33.Rg1+  1-0

[Event "13th Venice Autumn"]
[Site "Venice ITA"]
[Date "2007.11.02"]
[Round "3"]
[White "You Zhi Chih,S"]
[Black "Bianchi,An"]
[Result "1/2-1/2"]
[WhiteElo "2109"]
[BlackElo "2156"]

1.e4 d6 2.d4 Nf6 3.Nc3 e5 4.dxe5 dxe5 5.Qxd8+ Kxd8 6.Bg5 Be6 7.O-O-O+ Kc8
8.Nf3 Nbd7 9.Nd2 Ng4 10.Bh4 Bc5 11.f3 Ne3 12.Re1 Nxf1 13.Rhxf1 c6 14.Nb3 Bb4
15.Re3 f6 16.Rd1 Kc7 17.Bf2 b5 18.Kb1 Rhd8 19.a3 Bf8 20.Red3 Bc4 21.R3d2 a5
22.Ne2 a4 23.Nbc1 b4 24.axb4 Bxb4 25.c3 Bf8 26.Ng3 g6 27.Nf1 Be6 28.h3 Rdb8
29.Ka1 Rb7 30.Bg1 Rab8 31.Bf2 Kc8 32.Bg3 Be7 33.Bf2 f5 34.exf5 gxf5 35.Nd3 Bb3
36.Re1 a3 37.Nxe5 axb2+ 38.Rxb2 Ba3 39.Rbe2 Bd5 40.Nd3 Be7 41.Rb2 Rxb2 42.Nxb2 Kd8
43.Ne3 Bf6 44.Nxf5 Bxc3 45.Bh4+ Nf6 46.Re2 Rxb2 47.Rxb2 Kd7 48.Kb1 Bxb2 49.Kxb2 Nh5
50.Kc3 Nf4 51.Ne3 Be6 52.Kd4 Bb3 53.Be1 Ke6 54.Bd2 Nd5 55.Nf1 Kd6 56.f4 c5+
57.Kd3 c4+ 58.Kd4 Nc7 59.Bb4+ Ke6 60.Ne3 Nb5+ 61.Kc5 Nd6 62.g4 Ne4+ 63.Kd4 Nf2
64.h4 Nxg4 65.Nxg4 Kf5 66.Ne3+ Kxf4 67.Nxc4 Kg4 68.Be7 Ba4 69.Ne5+ Kh5 70.Bg5 Bc2
71.Kc5 Bb3 72.Kd6 Bc2 73.Ke7 Bb1 74.Kf6 h6 75.Nf3 hxg5 76.hxg5 Kg4 77.Ne5+ Kf4
78.Ng6+ Kg4 79.Ne5+ Kh4 80.Nf7 Bc2  1/2-1/2

[Event "13th Venice Autumn"]
[Site "Venice ITA"]
[Date "2007.11.02"]
[Round "3"]
[White "Barletta,M"]
[Black "Pechy,A"]
[Result "0-1"]
[WhiteElo "2247"]
[BlackElo "2165"]

1.e4 d6 2.d4 Nf6 3.Nc3 e5 4.dxe5 dxe5 5.Qxd8+ Kxd8 6.Bg5 c6 7.f4 h6 8.O-O-O+ Kc7
9.Bxf6 gxf6 10.f5 b5 11.h4 b4 12.Nce2 Nd7 13.Ng3 Nc5 14.Bc4 Rh7 15.Nf3 h5
16.Kb1 a5 17.Rhe1 Ba6 18.Bxf7 Rxf7 19.Nxh5 Be7 20.g4 Rh8 21.Ng3 Rg7 22.g5 fxg5
23.Nxe5 gxh4 24.Nh1 Rd8 25.Rxd8 Bxd8 26.Ng6 Bc8 27.Nf2 Nxe4 28.Nxe4 Bxf5
29.Nf4 Re7  0-1

[Event "13th Venice Autumn"]
[Site "Venice ITA"]
[Date "2007.11.02"]
[Round "3"]
[White "Gallo,E"]
[Black "Vianello,E"]
[Result "1/2-1/2"]
[WhiteElo "2077"]
[BlackElo "2169"]

1.e4 d6 2.d4 Nf6 3.Nc3 e5 4.Nf3 Nbd7 5.Bc4 Be7 6.O-O O-O 7.h3 c6 8.a4 Qc7
9.Ba2 h6 10.Be3 Re8 11.Qd2 Nf8 12.Rad1 Be6 13.d5 Bd7 14.Nxe5 dxe5 15.d6 Bxd6
16.Qxd6 Qxd6 17.Rxd6 Be6 18.Bxe6 Nxe6 19.Rfd1 Kf8 20.a5 c5 21.f3 Nd4 22.Bxd4 cxd4
23.Nd5 Rac8 24.Rd2 Rc5 25.Nxf6 gxf6 26.Rxf6 Kg7 27.Rf5 Rxa5 28.f4 f6 29.fxe5 fxe5
30.c3 Ra4 31.b3 Ra1+ 32.Kh2 dxc3 33.Rd7+ Kg8 34.Rff7 c2 35.Rg7+ Kh8 36.Rh7+ Kg8  1/2-1/2

[Event "ETCC w"]
[Site "Crete GRE"]
[Date "2007.11.03"]
[Round "6"]
[White "Markantonaki,H"]
[Black "Agrest,S"]
[Result "1/2-1/2"]
[WhiteElo "2161"]
[BlackElo "2255"]

1.e4 d6 2.d4 Nf6 3.Nc3 e5 4.Nf3 Nbd7 5.Bc4 Be7 6.O-O O-O 7.Re1 c6 8.a4 a5
9.b3 exd4 10.Nxd4 Nc5 11.f3 Be6 12.Bxe6 fxe6 13.f4 Nfd7 14.Qg4 Bf6 15.Be3 Qe7
16.Rad1 Rae8 17.f5 Ne5 18.Qh3 Kh8 19.fxe6 g6 20.Rf1 Nxe6 21.Bh6 Nxd4 22.Bxf8 Rxf8
23.Rxd4 Nf3+ 24.Rxf3 Bxd4+ 25.Kh1 Kg8 26.Ne2 Be5 27.Kg1 Rxf3 28.Qxf3 Qh4
29.g3 Qg5 30.Nf4 Bd4+ 31.Kg2 Qe5 32.Nd3 Qe7 33.Qf4 b5 34.Qg4 Kg7 35.Ne1 Bc3
36.Nf3 bxa4 37.bxa4 d5 38.exd5 Qe2+ 39.Kg1 Qd1+ 40.Kg2 Qxd5 41.Qf4 h5 42.Qe3 Bf6
43.Qa7+ Kh6 44.Qe3+ Kg7 45.Qa7+ Kh6 46.Qe3+ Kg7  1/2-1/2

[Event "VIII Int Rapid"]
[Site "El Sauzal ESP"]
[Date "2007.11.03"]
[Round "5"]
[White "Machin Arbelo,P"]
[Black "Dekic,J"]
[Result "1/2-1/2"]
[WhiteElo "2113"]
[BlackElo "2338"]

1.e4 d6 2.d4 Nf6 3.Nc3 Nbd7 4.Nf3 e5 5.Bc4 Be7 6.O-O O-O 7.Re1 c6 8.a4 b6
9.Bg5 a6 10.dxe5 dxe5 11.Bxf6 Bxf6 12.Qd6 Nb8 13.Qxd8 Rxd8 14.Rad1 Rxd1 15.Rxd1 Bd7
16.h3  1/2-1/2

[Event "ETCC w"]
[Site "Crete GRE"]
[Date "2007.11.04"]
[Round "7"]
[White "Muhren,B"]
[Black "Srebrnic,A"]
[Result "1-0"]
[WhiteElo "2303"]
[BlackElo "2278"]

1.e4 d6 2.d4 Nf6 3.Nc3 e5 4.Nf3 Nbd7 5.Bc4 Be7 6.O-O O-O 7.a4 c6 8.a5 Rb8
9.h3 Qc7 10.Be3 b5 11.axb6 axb6 12.d5 b5 13.Bd3 cxd5 14.Nxb5 Qd8 15.exd5 e4
16.Nfd4 exd3 17.Nc6 Rxb5 18.Nxd8 Bxd8 19.c4 Rxb2 20.Qxd3 Ne5 21.Qc3 Rb7 22.Bd4 Ne4
23.Qe3 Nc5 24.Bxe5 Rb3 25.Bxd6 Rxe3 26.fxe3 Nb7 27.Bxf8 Kxf8 28.Ra8  1-0

[Event "ETCC w"]
[Site "Crete GRE"]
[Date "2007.11.04"]
[Round "7"]
[White "Fragaki,M"]
[Black "Bashkite,V"]
[Result "0-1"]
[WhiteElo "1922"]
[BlackElo "2193"]

1.e4 d6 2.d4 Nf6 3.Nc3 c6 4.f4 Qa5 5.Bd3 e5 6.Nf3 Bg4 7.Be3 Nbd7 8.O-O Be7
9.h3 Bxf3 10.Qxf3 O-O 11.Ne2 c5 12.dxe5 dxe5 13.f5 Rfd8 14.g4 Rac8 15.Ng3 c4
16.Be2 Bc5 17.Bxc5 Qxc5+ 18.Kg2 Nb8 19.g5 Ne8 20.c3 Rd2 21.Rfd1 Rcd8 22.Rxd2 Rxd2
23.Nf1 Rxb2 24.Rd1 Qe7 25.h4 f6 26.Nd2 b5 27.g6 h6 28.a4 a6 29.Qe3 Qc7 30.axb5 axb5
31.Kg3 Nd7 32.Nf3 Nc5 33.Rd5 Nd6 34.Nd2 Ncxe4+ 35.Kg4 Nxd2 36.Rxd2 Rxd2 37.Qxd2 Qc6
38.Bf3 e4 39.Be2 Qc5 40.Qf4 h5+ 41.Kxh5 Qxf5+ 42.Qxf5 Nxf5 43.Kg4 Ne7 44.h5 Nd5
45.Kg3 f5 46.Bf1 f4+ 47.Kf2 Nxc3  0-1

[Event "13th Venice Autumn"]
[Site "Venice ITA"]
[Date "2007.11.04"]
[Round "5"]
[White "Solinas,C"]
[Black "Bianchi,An"]
[Result "1/2-1/2"]
[WhiteElo "2050"]
[BlackElo "2156"]

1.e4 d6 2.d4 Nf6 3.Nc3 e5 4.dxe5 dxe5 5.Qxd8+ Kxd8 6.Nf3 Bd6 7.Bg5 c6 8.O-O-O Ke7
9.Bc4 Bc7 10.Nh4 g6 11.f4 h6 12.Bxf6+ Kxf6 13.fxe5+ Kg7 14.Rhf1 Rf8 15.e6 f6
16.e5 Bxe5 17.e7 Re8 18.Rd8 Bd7 19.Rd1 Rxe7 20.Rg8+ Kh7 21.Nxg6 Be6 22.Bxe6 Rxe6
23.Rdd8 Bxh2 24.Nf8+ Kxg8 25.Nxe6+ Kf7 26.Nd4 Ke7 27.Rh8 Kd7 28.Ne4 Be5 29.Nf5 Kc7
30.c4 b6 31.b4 a5 32.b5 Ra7 33.a4 Nd7 34.bxc6 Kxc6 35.Ne7+ Kb7 36.Rh7 Ka6
37.Nd5 Nc5 38.Nxc5+ bxc5 39.Rxa7+ Kxa7 40.Kd2 Kb7 41.Ke3 Kc6 42.Ke4 Kd6 43.g4 Ke6
44.Ne3 Bb2  1/2-1/2

[Event "ETCC w"]
[Site "Crete GRE"]
[Date "2007.11.05"]
[Round "8"]
[White "Velcheva,M"]
[Black "Srebrnic,A"]
[Result "1/2-1/2"]
[WhiteElo "2255"]
[BlackElo "2278"]

1.e4 d6 2.d4 Nf6 3.Nc3 e5 4.Nf3 Nbd7 5.Bc4 Be7 6.O-O O-O 7.Re1 c6 8.a4 b6
9.d5 cxd5 10.Nxd5 Bb7 11.b3 Rc8 12.Re2 Nc5 13.Nxf6+ Bxf6 14.Bd5 Qd7 15.a5 b5
16.Ba3 Bxd5 17.Qxd5 Rfd8 18.Rd1 Ne6 19.Red2 Nd4 20.Nxd4 exd4 21.g3 a6 22.Qf5 d5
23.Qxd7 Rxd7 24.exd5 Rxd5 25.Bb4 Rdd8 26.Ba3 h5 27.Bb2 g6 28.Bxd4 Bxd4 29.Rxd4 Rxd4
30.Rxd4 Rxc2 31.Rd6 Rc3 32.b4 Rc4 33.Rxa6 Rxb4 34.Rb6 Rb1+ 35.Kg2 b4 36.a6 Ra1
37.Rxb4  1/2-1/2